00306nam a22001217a 4500008004100000020001800041041000800059080001000067082001000077100000700087101000800094245008200102210430b ||||| |||| 00| 0 eng d a9780964351981 aeng a159.9 a159.9 a48 aPSI aThe Kelee an Understanding of the Psychology of Spirituality cRon W. Rathbun